Länder mit der höchsten Grundbildung - Statistiken

Allgemein
  • Dieses Quiz wurde 52 mal gespielt
  • Das Durchschnittsergebnis liegt bei 13 aus 20
Antwortstatistiken
Index Land % Korrekt
97,7 Deutschland
98%
97,6 Japan
90%
98,7 Norwegen
90%
96,3 Finnland
88%
97,7 Österreich
88%
97,5 Dänemark
86%
98,6 Schweiz
86%
97,9 Kanada
82%
99,5 Island
76%
95,1 Belgien
74%
98,4 Estland
68%
95,1 Lettland
68%
96,6 Litauen
66%
98,3 Neuseeland
64%
99,0 Luxemburg
62%
98,2 Tschechien
58%
96,1 Slowenien
48%
96,2 Kroatien
36%
96,2 Belarus
18%
96,8 Barbados
2%
Keine übereinstimmenden Quizze gefunden
Verteilung der Resultate
Anzahl Personen mit jedem Resultat
Perzentil nach korrekt beantworteten Fragen
Ihre Resultats-Entwicklung
Sie haben dieses Quiz noch nicht gespielt